Statistics for Asian Geography By Letter M - Picture Quiz

Click here to take the quiz!

General Stats

  • This quiz has been taken 192 times
  • The average score is 11 of 18

Answer Stats

Answer% Correct
Mandarin
90%
Mecca
90%
Mekong
90%
Mongolia
90%
Maldives
86%
Middle East
84%
Mesopotamia
83%
Manchuria
71%
Sea of {Marmara}
69%
Mumbai
68%
Mango
62%
Strait of {Malacca}
53%
Mindanao
50%
Manama
49%
Manila
48%
Madhya Pradesh
26%
Manat
19%
{Mandalay} Palace
19%

Score Distribution

Percentile by Number Answered

Percent of People with Each Score

Your Score History

You have not taken this quiz